Countries By Desert Quiz Stats

 Plays Quiz Updated Oct 20, 2016

Also try: Deserts
Challenge
Share
Tweet
Embed
Score 0/19 Timer 02:00
0 Plays Today
Desert Country % Correct
SaharaAlgeria, Chad, Egypt, Eritrea, Libya...
88.5%
Arabian DesertIraq, Jordan, Kuwait, Oman, Saudi Arabia...
84.5%
Mojave DesertUnited States of America
74.1%
Gobi DesertChina, Mongolia
73.4%
Chihuahuan DesertMexico, United States of America
71.6%
Patagonian DesertArgentina, Chile
62.8%
Great VictoriaAustralia
54.8%
Atacama DesertArgentina, Bolivia, Chile, Peru
50.3%
KalahariBotswana, Namibia, South Africa
47.7%
Nubian DesertEgypt, Sudan
47.3%
Desert Country % Correct
NegevIsrael, Palestine
32.5%
Kyzyl KumKazakhstan, Turkmenistan, Uzbekistan
20.8%
Taklamakan DesertChina
16.2%
Thar DesertIndia, Pakistan
15.8%
Dasht-e LutIran
15.6%
La GuajiraColombia, Venezuela
13.7%
Tanami DesertAustralia
6.8%
KarakumTurkmenistan
6.5%
Sechura DesertPeru
5%

You're not logged in!

Compare scores with friends on all Sporcle quizzes.
OR
Log In

You Might Also Like...

Show Comments

Extras

Top Quizzes Today


Score Distribution

Your Account Isn't Verified!

In order to create a playlist on Sporcle, you need to verify the email address you used during registration. Go to your Sporcle Settings to finish the process.

Report this User

Report this user for behavior that violates our Community Guidelines.

Details: